| 000 | 00601nam a22001817a 4500 | ||
|---|---|---|---|
| 003 | BCEG | ||
| 005 | 20260303105309.0 | ||
| 008 | 260303s2016 mx|||||| |||| 00| 0 spa d | ||
| 040 |
_aBCEG _bspa _cBCEG |
||
| 082 | 0 | 4 |
_a305 _bC327d |
| 245 | 0 | 0 | _aCartilla de derechos de las víctimas de discriminación por orientación sexual, identidad o expresión de géreno. |
| 260 |
_aMéxico : _bComisión Ejecutiva de Atención a Víctimas, _c2016. |
||
| 300 |
_a34 p. _b: il. |
||
| 541 | _aDonación. | ||
| 650 | 1 | 4 | _aDiscriminación sexual. |
| 700 |
_aRochín del Rincón, Sergio Jaime, _epres. |
||
| 942 | _cBK | ||
| 999 |
_c437085 _d437085 |
||